| 000 | 00654 a2200181 4500 | ||
|---|---|---|---|
| 003 | Nust | ||
| 005 | 20170207153208.0 | ||
| 040 | _cNust | ||
| 082 | _a005.1 | ||
| 100 | _aIltaf, Naima (MSCS-11) | ||
| 245 |
_aSecurity and trust enforcement in Pervasive Computing Environment (STEP) _cNaima Iltaf |
||
| 260 |
_bMCS,NUST _c2006 _aRawalpindi |
||
| 300 | _aix, 60,p.; | ||
| 505 | _aIntroduction (page-1) Literature review (page-7) System desgin (page-14) Step trust algorithm (page-24) The recommendation protocol (page-33) Evaluation and analysis (page-38) Conclusion (page-54) | ||
| 538 | _aAlmirah No 73 Shelf No 2 | ||
| 650 | _aPG Thesis | ||
| 651 | _aMSCS-11 | ||
| 942 | _cTHS | ||
| 999 |
_c181288 _d181288 |
||